00741 2200277 4500001002100000005001700021008004100038020001800079035002400097082001200121090002200133100001600155245002900171250001000200260002800210300003000238500006900268500002900337650001800366850001500384980001300399985000600412999001500418999001500433999001500448YOGYA-0209000003472920090227024923.0 ind  a979-669-616-1 0010-020900000034729 a641.814 a641.814bTri SlT aTRI MARGONO aSaos pepayacTri Margono aCet.1 aJakartabGrasindoc2000 aviii, 23 hlmbilusc21 cm aDiterbitkan atas kerjasama dengan Gramedia Widiasarana Indonesia aBibliografi : hlm. 21-22 aPepaya (Saus) aYOPDYOG(B) a29-10-06 a3 a00P0001335 a00P0001336 a00P0001337